000 01217nam0a2200313 4500
001 RU\NLR\bibl\846661
005 20260406081324.0
010 _a5-352-00077-0
_910000
021 _aRU
_b2005-23154
_91176
035 _a(NLR Aleph) 000835435
090 _a1387224
_c1387224
100 _a20050930d2005 |||y0rusy50 ca
101 1 _arus
_cger
102 _aRU
105 _ay |||||||||
200 1 _aПарфюмер
_eистория одного убийцы
_fПатрик Зюскинд
_g[пер. с нем. Эллы Владимировны Венгеровой]
210 _aСанкт-Петербург
_cАзбука-классика
_d2005
215 _a283, [2] с.
_d18
225 1 _aАзбука
_v001
300 _aЗагл. и авт. ориг.: Das Parfüm / Patrick Süskind
454 0 _12001#$aDas Parfüm
_1700#1$aSüskind$bP.$f1949-$gPatrick$4070
_tDas Parfüm
_aSüskind, Patrick (1949-)
686 1 _aШ6(4Ф)07-440.4{Лх1359.2-50}
700 1 _4070
_8rus
_7ca
_aЗюскинд
_bП.
_gПатрик
_f1949-
_3RU\NLR\auth\7745477
_928415
801 0 _aRU
_bNLR
_c20050930
_grcr
801 1 _aRU
_bNLR
_c20050930
942 _cBOOK
980 _aNB